Insomnia /
Sara za celý svoj život nespala ani minútu. Odjakživa trpí totálnou insomniou. Počas dňa je autorkou detských kníh, rozdáva žiarivé úsmevy a kávičkuje s priateľmi. Nik však netuší o jej nočnom živote. Keď sa ju niekto pokúsi uniesť a blízki jej neveria, zúfalo hľadá pomoc u tajomného Bartona. Ten je...
Uloženo v:
| Hlavní autor: | |
|---|---|
| Médium: | E-kniha |
| Jazyk: | Czech |
| Vydáno: |
Praha :
Albatros Media Slovakia s.r.o.,
2022
|
| Tagy: |
Žádné tagy |
| LEADER | 01517nam a22002297i 4500 | ||
|---|---|---|---|
| 001 | 311567 | ||
| 007 | ta | ||
| 008 | 260601s2022 xr ||||| |||| 00| 0 cze d | ||
| 020 | |a 9788056628171 | ||
| 044 | |a xr | ||
| 100 | 1 | |a Šebová, Vladimíra |4 aut | |
| 245 | 1 | 0 | |a Insomnia / |c Šebová, Vladimíra |
| 264 | 1 | |a Praha : |b Albatros Media Slovakia s.r.o., |c 2022 | |
| 300 | |a 1 online zdroj (304 stran) | ||
| 336 | |a text |b txt |2 rdacontent | ||
| 337 | |a bez média |b n |2 rdamedia | ||
| 338 | |a online zdroj |b cr |2 rdacarrier | ||
| 520 | 2 | |a Sara za celý svoj život nespala ani minútu. Odjakživa trpí totálnou insomniou. Počas dňa je autorkou detských kníh, rozdáva žiarivé úsmevy a kávičkuje s priateľmi. Nik však netuší o jej nočnom živote. Keď sa ju niekto pokúsi uniesť a blízki jej neveria, zúfalo hľadá pomoc u tajomného Bartona. Ten jej ukáže celkom nový svet, o ktorom netušila, a v jeho nenápadných gestách a dotykoch nachádza útočisko, ktoré tak dlho hľadala. Môžu mať napokon spoločné viac, než si kedy dokázala predstaviť? | |
| 910 | |a RBIT002 | ||
| 998 | |d 352406 |a https://core.palmknihy.cz/api/books/352406/cover?sar6db |b https://core.palmknihy.cz/api/books/352406/cover/400?sar6db |c https://core.palmknihy.cz/api/books/352406/cover/50?sar6db |e 2034-12-31 |g 304 |i 9788056628171 |j https://core.palmknihy.cz/api/books/352406/preview.epub |k https://core.palmknihy.cz/api/books/352406/preview.pdf |l |q 49 |r 1 |s https://www.palmknihy.cz/kniha/352406 |t ebook |y 2022 |z 1 | ||
| 999 | |d 311565 | ||